000 00804nam a2200241Ia 4500
003 OSt
005 20221002051226.0
006 a|||||r|||| 00| 0
007 ta
008 220930b |||||||| |||| 00| 0 ara d
024 _a23070
037 _bGift, 06/11/2015,
_cReference Collections
040 _aCRL
_cCRL
_bara
041 _2ara
_aara
082 _aa12-28, 28Q1
100 _aA. Q.Naseer Abdul Samad A. Q. Co.
_9572243
245 0 _aFehrisu mukhtutat khazana-e-jam-e-bumubai
_b Catalogue of arabic manuscripts in Jamae Masjid Mumbai
260 _aNew Delhi
_bMinistry of Higher
_c2011
300 _a598p.
_ccm.
650 _aBIBLIOGRAPHY
942 _ha12-28, 28Q1
_cref
_2CC
999 _c916264
_d916264